The Ultimate Golf book / (Record no. 75639)

MARC details
000 -LEADER
fixed length control field 00718nam a22002177a 4500
005 - DATE AND TIME OF LATEST TRANSACTION
control field 20130528152954.0
010 ## - LCCN (DPL NO)
LC control number ENG-107044
020 ## - INTERNATIONAL STANDARD BOOK NUMBER
International Standard Book Number 9781445444345
Terms of availability 1195.00
035 ## - SYSTEM CONTROL NUMBER
System control number EN-905777
037 ## - SOURCE OF ACQUISITION
Source of stock number/acquisition DBAD/PUB
082 ## - DEWEY DECIMAL CLASSIFICATION NUMBER
Classification number 796.352
100 ## - MAIN ENTRY--PERSONAL NAME
Personal name Tappin, Neil
245 10 - TITLE STATEMENT
Title The Ultimate Golf book /
Remainder of title
Statement of responsibility, etc by Neil Tappin [and] Fergus Bisset ; edited by Beverley Jollands
260 ## - PUBLICATION, DISTRIBUTION, ETC. (IMPRINT)
Place of publication, distribution, etc UK
Name of publisher, distributor, etc Parragon Books
Date of publication, distribution, etc 2011
270 ## - ADDRESS
Address Rhythm Book Distributors, Old no. 4, new no. 5, Jeenis Road, Saidapet
City Chennai
Postal code 600015
300 ## - PHYSICAL DESCRIPTION
Extent 320p.:
Dimensions 28cm(Hb)
Other physical details col.ill.
Accompanying material 1CD-ROM
500 ## - GENERAL NOTE
General note Includes index
700 ## - ADDED ENTRY--PERSONAL NAME
Personal name Bisset, Fergus
700 ## - ADDED ENTRY--PERSONAL NAME
Personal name Jollands, aNTHONY
942 ## - ADDED ENTRY ELEMENTS (KOHA)
Source of classification or shelving scheme Dewey Decimal Classification
Item type English Books
Classification part 796.352
Call number suffix TAP
Holdings
Withdrawn status Lost status Not for loan Collection code Home library Current library Date acquired Source of acquisition Cost, normal purchase price Full call number Barcode Copy number Cost, replacement price Koha item type
    Not For Loan Non-fiction D.B.Act.Division D.B.Act.Division 15/05/2013 DBAD/PUB 1195.00 796.352 tap EN-90577 1 1195.00 English Books

© Delhi Public Library
Hit Counter
free hit counter